Zhan Wang. (Record no. 5690)

MARC details
000 -LEADER
fixed length control field 00857nam a22002657a 4500
003 - CONTROL NUMBER IDENTIFIER
control field OSt
005 - DATE AND TIME OF LATEST TRANSACTION
control field 20260317161527.0
007 - PHYSICAL DESCRIPTION FIXED FIELD--GENERAL INFORMATION
fixed length control field a
008 - FIXED-LENGTH DATA ELEMENTS--GENERAL INFORMATION
fixed length control field 260317b |||||||| |||| 00| 0 eng d
020 ## - INTERNATIONAL STANDARD BOOK NUMBER
International Standard Book Number 9789868631519
040 ## - CATALOGING SOURCE
Original cataloging agency Foundation University
Language of cataloging eng
Transcribing agency Foundation University
Modifying agency FULib
Description conventions rda
050 ## - LIBRARY OF CONGRESS CALL NUMBER
Classification number NB 1115
Item number .2010 W36
100 ## - MAIN ENTRY--PERSONAL NAME
Personal name Wang, Zhan,
Relator term artist.
9 (RLIN) 15352
245 00 - TITLE STATEMENT
Title Zhan Wang.
260 ## - PUBLICATION, DISTRIBUTION, ETC.
Place of publication, distribution, etc. Taiwan :
Name of publisher, distributor, etc. Eslite gallery,
Date of publication, distribution, etc. 2010.
264 ## - PRODUCTION, PUBLICATION, DISTRIBUTION, MANUFACTURE, AND COPYRIGHT NOTICE
Copyright Date 2010.
300 ## - PHYSICAL DESCRIPTION
Materials specified resource
Extent 72 pages :
Other physical details color illustrations ;
Dimensions 28 cm.
Type of unit volume
336 ## - CONTENT TYPE
Source rdacontent
Content type term text
Content type code txt
337 ## - MEDIA TYPE
Source rdamedia
Media type term unmediated
Media type code n
338 ## - CARRIER TYPE
Source rdacarrier
Materials specified resource
Carrier type term volume
Carrier type code nc
546 ## - LANGUAGE NOTE
Language note Taiwanese and English
600 ## - SUBJECT ADDED ENTRY--PERSONAL NAME
Personal name Wang, Zhan
Dates associated with a name 1962-
9 (RLIN) 15353
650 ## - SUBJECT ADDED ENTRY--TOPICAL TERM
Source of heading or term LC
Topical term or geographic name entry element Sculpture
Form subdivision Exhibitions.
9 (RLIN) 15354
942 ## - ADDED ENTRY ELEMENTS (KOHA)
Source of classification or shelving scheme Library of Congress Classification
Koha item type Books
Classification part NB 1115
Item part .2010 W36
Call number prefix (DAFA-FA)
Suppress in OPAC No
Holdings
Withdrawn status Lost status Source of classification or shelving scheme Damaged status Not for loan Collection code Home library Current library Shelving location Date acquired Source of acquisition Total Checkouts Full call number Barcode Date last seen Price effective from Koha item type Accession Number
    Library of Congress Classification     Non-fiction Foundation University Library Foundation University Library DoArchitecture & Fine Arts 03/17/2026 Donated by Bellas Artes Projects   (DAFA-FA) NB 1115 .2010 W36 0192026003254 03/17/2026 03/17/2026 Books DAFA-2026254